00548nam a22002057a 450000500170000001000130001702000230003003500130005303700170006604000120008308200150009510000150011024500610012526000450018627000320023130000310026350000200029465000080031465000200032220170124110012.0 aB-080022 c295.00a8174964932 aB-080022 bCen Lib/ Ret aDPLbEN a347.7bDAT aDatey, V.S aCorporative laws & secreterial practice /cby V.S. Datey aNew DelhibTaxman allied services c2003 bNew DelhiaNatinal highway  avarious pagings c21cm(Hb) aincludes index  aLaw aSecretarial law